| 000 | 00582cam a2200217 a 4500 | ||
|---|---|---|---|
| 001 | 3095252 | ||
| 005 | 20180118093416.0 | ||
| 008 | 980508s1998 ilua 000 0 eng | ||
| 010 | _a 98148457 | ||
| 040 |
_aDLC _cDLC _dDLC |
||
| 041 | _aeng | ||
| 080 | _a332.024 GOO | ||
| 082 | 0 | 0 | _a332.024 GOO |
| 100 | 1 | _a52 | |
| 101 | _aECO | ||
| 245 | 1 | 0 |
_aEveryone's money book / _cJordan E. Goodman. |
| 504 | _aIncludes bibliographical references and index. | ||
| 906 |
_a7 _bcbc _corignew _d2 _encip _f19 _gy-gencatlg |
||
| 942 |
_2ddc _cBK |
||
| 999 |
_c40509 _d40509 |
||